LEADER 01188nam a2200229 4500 001 000000341291 003 CaOOAMICUS 005 20200730082731.0 008 200730s1771 it 000 u ita r 026 $ao.o, T.t, c.c, ChPa (7) 1771 (R) 040 $aSeMil$bita 100 11$aBalestrieri, Domenico,$d<1714-1780>.$0(OLS)http://semarc/name/24685 245 00$aArco trionfale consacrato a' reali sposi l'arciduca Ferdinando d'Austria e la principessa Maria Ricciarda D'Este da Domenico Balestrieri. 264 1$a(In Milano :$bAppresso Gio. Batista Bianchi regio stampatore,$c11771) 300 $aXXIX, [3] p. ;$c8° 700 1 $aBianchi, Giovanni Battista$b.$0(OLS)http://semarc/name/2930 752 $aIT$dMilano 850 $aSeMil 852 $aSeMil$W1$xVenegono$y1$m3Z VI 2/6 FA$j220073$B232273$CSeMilBibl$Z2$F232273 $8I 996 $6245$aArco trionfale consacrato a' reali sposi l'arciduca Ferdinando d'Austria e la principessa Maria Ricciarda D'Este da Domenico Balestrieri$9(OLS)http://semarc/title/430321 996 $6264$a(In Milano :$bAppresso Gio. Batista Bianchi regio stampatore$9(OLS)http://semarc/publisher/59161 LEADER 00919nam a2200229 i 4500 001 000000195118 003 CaOOAMICUS 005 20101201000000.0 008 101201n it u000 u ita u 013 $a173781 040 $aSeMil$bita 100 1 $aCurti, Antonio <1858-1945>.$0(OLS)http://semarc/name/4735 245 10$aA la Polonia /$cAntonio Curti. 246 04$iTitolo in copertina:$aA La Polonia : polimetro (dialetto milanese) 260 $aMilano :$bLibreria editrice nazionale,$c[1902] 300 $a14 p. ;$c28 cm. 850 $aSeMil 852 $aSeMil$W1$xVenegono$y1$m5A XII 7/27$j145687$B145687$CSeMilBibl$Z2$F157268 $81 961 $aOmaggio: Altro 996 $6245$aA la Polonia$9(OLS)http://semarc/title/281413 996 $6246$aA La Polonia : polimetro (dialetto milanese)$9(OLS)http://semarc/title/281414 996 $6260$aMilano :$bLibreria editrice nazionale$9(OLS)http://semarc/publisher/47529